| 000 | 01058nam a22003377a 4500 | ||
|---|---|---|---|
| 001 | BR0000962 | ||
| 003 | BR-BrBNA | ||
| 005 | 20230928100553.0 | ||
| 007 | ta | ||
| 008 | 230509b bl.||||| |||| 00| 0 por d | ||
| 040 |
_aBR-BrBNA _bpor _cBiblioteca Nacional de Agricultura |
||
| 041 | _a(Por) | ||
| 072 |
_aH20; P34 _b1060 _b4150 _b4030 |
||
| 090 | _ 1060 BR0000962 | ||
| 100 | 1 | _aGuirado, N. | |
| 110 | 1 |
_aCentro de Energia Nuclear na Agricultura, Piracicaba, SP (Brasil) _0Tese (Doutor em Ciencias) |
|
| 245 | 1 | _aAvaliacao de substancias como interferentes na aquisicao e inoculacao do virus da leprose dos citros pelo acaro Brevipalpus phoenicis | |
| 260 | 3 |
_aPiracicaba, SP (Brasil): _c1999. |
|
| 300 | _a87 p. | ||
| 500 | _aSummaries (Eng, Por); Bibliography p. 70-87; 14 tables | ||
| 650 | _aLaranja Pera | ||
| 650 | _aLeprose | ||
| 650 | _aAcaro | ||
| 650 | _aInoculacao | ||
| 650 | _aExtrato Vegetal | ||
| 650 | _aPulverizacao | ||
| 650 | _aAcaricida | ||
| 650 | _aVetor | ||
| 909 |
_a202309 _bLucia _c55 _dLucia Elande |
||
| 942 | _cBK | ||
| 999 |
_c61857 _d61857 |
||